Páginas del lago

Saved in:
Bibliografiske detaljer
Hovedforfatter: Alonzo Retamal, Pedro (Author)
Format: Bog
Sprog:spansk
Udgivet: Valparaíso Gobierno Regional de Valparaíso 2001
Serier:Colección Novela Breve
Fag:
Tags: Tilføj Tag
Ingen Tags, Vær først til at tagge denne postø!

MARC

LEADER 00000nam a2200000 a 4500
001 UCM5981
003 CL-VaPUC
008 021025e20010000CL |||||||||||||||||spa|d
020 |a 9567944288 
082 0 4 |a Ch863  |b ALO  |2 21 
100 0 |a Alonzo Retamal, Pedro  |e author  |9 471947 
245 1 0 |a Páginas del lago 
300 |a 95 p 
942 |c BK 
945 |d 20021025 00:00:00  |a vberengu 
260 |a Valparaíso  |b Gobierno Regional de Valparaíso  |c 2001 
650 0 |a Novelas chilenas   |9 265425 
650 0 |a Literatura chilena   |9 308278 
583 |a last modification  |c 20150924 22:06:29  |k Rodrigo Vera 
490 0 |a Colección Novela Breve 
999 |c 301649  |d 301647 
952 |0 0  |1 0  |4 0  |6 CH_863_000000000000000_ALO_2001  |7 0  |8 A  |9 360923  |a BIBEDU  |b BIBEDU  |d 2019-11-21  |i 3854663  |o Ch863 ALO 2001  |p 3854663  |r 2019-11-21  |w 2019-11-21  |y BK  |k BME 
952 |0 0  |1 0  |4 0  |6 CH_863_000000000000000_ALO_2001  |7 0  |8 A  |9 360924  |a BIBEDU  |b BIBEDU  |d 2019-11-21  |i 3854558  |o Ch863 ALO 2001  |p 3854558  |r 2019-11-21  |w 2019-11-21  |y BK  |k LIT 
952 |0 0  |1 0  |4 0  |6 CH_863_000000000000000_ALO_2001  |7 0  |8 A  |9 360925  |a BIBEDU  |b BIBEDU  |d 2019-11-21  |i 3854566  |o Ch863 ALO 2001  |p 3854566  |r 2019-11-21  |w 2019-11-21  |y BK  |k LIT